| 000 | 00730cab a2200229 4500 | ||
|---|---|---|---|
| 001 | WB3418-03 | ||
| 008 | 090401t1998 xxu||||| |||| 00| 0 eng d | ||
| 035 | _a(Sirsi) u86222 | ||
| 041 | _aeng | ||
| 245 | _aSpecialist action | ||
| 260 | _c1998 | ||
| 350 | _a0 | ||
| 490 |
_aContract Journal _v393(6175) 13 May 1998, 2(1) |
||
| 520 | _aReading Construction Forum has drawn up a four-point action plan to get specialist contractors more involved in the construction process in an attempt to drive down costs. | ||
| 650 | _aCONSTRUCTION PROCESS | ||
| 650 | _aCONTRACTORS | ||
| 650 | _aREADING CONSTRUCTION FORUM | ||
| 650 | _aSPECIALIST CONTRACTORS | ||
| 690 | _aBUILT ENVIRONMENT | ||
| 942 | _n0 | ||
| 948 | _c15/05/1998 | ||
| 999 |
_c54239 _d54239 |
||